UBT Library

Learning to look : (Record no. 44752)

000 -LEADER
fixed length control field 00595pam a2200229 i 4500
001 - CONTROL NUMBER
control field 2299492
005 - DATE AND TIME OF LATEST TRANSACTION
control field 20180312084859.0
008 - FIXED-LENGTH DATA ELEMENTS--GENERAL INFORMATION
fixed length control field 801023s1981 ilua 001 0 eng
010 ## - LIBRARY OF CONGRESS CONTROL NUMBER
LC control number 80026251
020 ## - INTERNATIONAL STANDARD BOOK NUMBER
Cancelled/invalid ISBN 0226971548 (pbk.)
020 ## - INTERNATIONAL STANDARD BOOK NUMBER
International Standard Book Number 0226791521
020 ## - INTERNATIONAL STANDARD BOOK NUMBER
International Standard Book Number 0226791548 (pbk.)
040 ## - CATALOGING SOURCE
Original cataloging agency DLC
Transcribing agency DLC
Modifying agency DLC
041 ## - LANGUAGE CODE
Language code of text/sound track or separate title eng
080 ## - UNIVERSAL DECIMAL CLASSIFICATION NUMBER
Universal Decimal Classification number 701.1
082 00 - DEWEY DECIMAL CLASSIFICATION NUMBER
Classification number 701.1 TAY
Edition number 19
100 1# - Rafti
Rafti 45
101 ## - Shkurtesa
Shkurtesa ART
245 10 - TITLE STATEMENT
Title Learning to look :
Statement of responsibility, etc by Joshua C. Taylor.
906 ## - LOCAL DATA ELEMENT F, LDF (RLIN)
a 7
b cbc
c orignew
d u
e ocip
f 19
g y-gencatlg
942 ## - ADDED ENTRY ELEMENTS (KOHA)
Source of classification or shelving scheme
Item type Books
Holdings
Withdrawn status Lost status Source of classification or shelving scheme Damaged status Not for loan Collection code Permanent location Current location Shelving location Date acquired Total Checkouts Full call number Barcode Date last seen Price effective from Koha item type
          Koleksioni i përgjithshem UBT - Lipjan UBT - Lipjan Koleksioni i përgjithshem 03/12/2018   701.1 TAY 002-3001784 03/12/2018 03/12/2018 Books
UBT Library © 2015-2024. All rights reserved University Education for Business and Technology